Seguridad industrial charlas y experiencias para un ambiente seguro Andrés Giraldo García (Registro nro. 31375)

Detalles MARC
000 -CABECERA
Longitud fija campo de control 01350nam a2200313 a 4500
003 - • IDENTIFICADOR DELl NÚMERO DE CONTROL
Identificador del número de control CO-ViMGA
008 - • CÓDIGOS DE INFORMACIÓN DE LONGITUD FIJA
Códigos de información de longitud fija 141112s2004 ck r 000 u spa d
020 ## - • NÚMERO INTERNACIONAL NORMALIZADO PARA LIBROS
Número Internacional Normalizado para Libros (ISBN) 9789586485470
040 ## - FUENTE DE LA CATALOGACIÓN
Centro catalogador de origen CO-ViMGA
Lengua de catalogación spa
Centro transcriptor CO-ViMGA
041 ## - • CÓDIGO DE LENGUA
Código de lengua del texto/banda sonora o título independiente spa
082 04 - • NÚMERO DE LA CLASIFICACIÓN DECIMAL DEWEY
Número de clasificación (R) 658.28 G47S
100 1# - • PUNTO DE ACCESO PRINCIPAL-NOMBRE DE PERSONA
Nombre de persona Giraldo García, Andrés
245 10 - • TITULO PROPIAMENTE DICHO
Título Seguridad industrial charlas y experiencias para un ambiente seguro Andrés Giraldo García
250 ## - • MENCIÓN DE EDICIÓN
Mención de edición 1a ed.
300 ## - • DESCRIPCIÓN FÍSICA
Extensión x, 151 p. ilustraciones, fotos 24 cm.
490 ## - • MENCIÓN DE SERIE
Mención de serie Colección textos universitarios Área ingeniería y arquitectura
505 ## - • NOTA DE CONTENIDO CON FORMATO
Nota de contenido con formato Trabajo en alturas. - - Energía. - - Medio ambiente. - - Ergonomía. - - Calidad. - - Preparación para emergencias. - - Equipo de protección personal - EPP. - - Herramientas. - - Izaje de cargas. - - Orden y aseo. - - Salud. - - Seguridad basada en el comportamiento. - - Sustancias peligrosas. - - Seguridad vial.
541 ## - NOTA DE FUENTE DE ADQUISICIÓN DIRECTA
-- 4.000; 1 c.
590 ## - NOTAS LOCALES
Nota local Subtítulo tomado de la carátula.
596 ## -
-- 2
650 14 - • PUNTO DE ACCESO ADICIONAL DE MATERIA - TÉRMINO DE MATERIA
Término de materia o nombre geográfico como elemento inicial Prevención de accidentes
650 14 - • PUNTO DE ACCESO ADICIONAL DE MATERIA - TÉRMINO DE MATERIA
Término de materia o nombre geográfico como elemento inicial Salud ocupacional
650 14 - • PUNTO DE ACCESO ADICIONAL DE MATERIA - TÉRMINO DE MATERIA
Término de materia o nombre geográfico como elemento inicial Seguridad industrial
926 ## -
-- B - GENERAL PRESTADO 658.28 G47S LIBRO 2/11/2013 1
942 ## - ENTRADA DE ELEMENTOS AGREGADOS (KOHA)
Fuente de clasificaión o esquema Dewey Decimal Classification
Koha [por defecto] tipo de item LIbro
Existencias
Perdido Fuente de clasificación o esquema Estado Físico No para préstamo Forma de adquisición Localización permanente Localización actual Fecha adquisición Serie de enumeración / cronolog&íacute;a Préstamos totales Signatura completa Código de barras Fecha última consulta Fecha último préstamo Número de copia Fecha del precio de reemplazo Tipo de item de Koha Renovaciones totales
  Dewey Decimal Classification     Sala Especializada Tercer Piso Biblioteca Pública Germán Arciniegas - Villavicencio Biblioteca Pública Germán Arciniegas - Villavicencio 12/04/2015 29/nov/2010 1 658.382 G471a 23758 08/23/2018 08/15/2018 Ej. 2 12/04/2015 LIbro  
  Dewey Decimal Classification     Sala Especializada Tercer Piso Biblioteca Pública Germán Arciniegas - Villavicencio Biblioteca Pública Germán Arciniegas - Villavicencio 12/04/2015 Volumen. 1 | 09/mar/2010   658.382 G471a 23251 12/04/2015   Ej. 1 12/04/2015 LIbro  
  Dewey Decimal Classification     Sala Especializada Tercer Piso Biblioteca Pública Germán Arciniegas - Villavicencio Biblioteca Pública Germán Arciniegas - Villavicencio 12/04/2015 08/feb/2013 2 658.28 G47S 25418 03/06/2019 11/16/2018 Ej. 1 12/04/2015 LIbro 1









Instituto Departamental de Cultura del Meta - Red Departamental de Bibliotecas Públicas del Meta.